000 01003cam a22002771i 4500
003 SA-RiAUC
005 20241209063201.0
008 241206s1981 jo g b 000 0 ara c
040 _aSA-JeALM
_bara
_cSA-RiAUC
_erda
082 0 4 _a252.5
_qSA-RiAUC
090 _a252.5
_bع ق ل
100 1 _aعقله، محمد
_eمؤلف.
245 1 0 _aأحكام الحج والعمرة /
_cتأليف محمد عقلة.
250 _aالطبعة الأولى.
264 1 _aعمان، الأردن :
_bمكتبة الرسالة الحديثة،
_c1981
300 _a226 صفحة ؛
_c24 سم
336 _aنص
_btxt
_2rdacontent
_3كتاب
337 _aبدون وسيط
_bn
_2rdamedia
338 _aمجلد
_bnc
_2rdacarrier
504 _aببليوجرافية : صفحة 218-221.
650 7 _aالحج (فقه إسلامي)
_2aucsh
650 7 _aالعمرة (فقه إسلامي)
_2aucsh
942 _2ddc
_cBOOK
_n0
949 _aSA-JeALM
_d241206
_uosman123
_n1
999 _c3152
_d3152